000 01134nam a2200337 i 4500
001 000008378
003 DO-SdBNP
005 20251217072919.0
007 ta
008 090916s1982 dr a 000 p spa d
040 _aDO-SdBNP
_bspa
_cBNPHU
_erda
041 _aspa
082 4 _aRD861.44
_bH557p
_222
100 1 _aHernández M., Edgar
_q(Hernández-Mejía),
_d1948-
_eautor
_922601
_4aut.
245 1 0 _aA partir de nuestros designios y otras obras poéticas /
_cEdgar Hernández M.
264 _aSan Pedro de Macorís, República Dominicana :
_bUCE,
_c1982.
300 _a237 páginas :
_bilustraciones ;
_c23 cm.
336 _ardacontent
_btexto
_2txt
337 _ardamedia
_bsin mediación
_2n
338 _ardacarrier
_bvolumen
_2nc
490 1 _aCentenario de San Pedro de Macorís ;
_v2
490 1 _aLiteratura ;
_v5
590 _aInventariado, 2018/LP
650 0 _aPoesía dominicana
_966
650 0 _aLiteratura dominicana.
_967
710 1 2 _aUniversidad Central del Este
_937229
830 0 _aCentenario de San Pedro de Macorís ;
_n2
_922602
830 0 _aLiteraria ;
_n5
_922603
910 _aLP
942 _2ddc
_cLBS1
999 _c8149
_d8149